000 00285nam a2200109Ia 4500
008 230907s9999||||xx |||||||||||||| ||und||
082 _a620.001518
_bAYY
100 _aAyyub, Bilal M.,
_939187
245 0 _aNumerical analysis for engineers :
300 _axix, 431 pages :
942 _cBK
999 _c599277
_d599277